| 000 -LEADER |
| fixed length control field |
00819mam a2200229 a 4500 |
| 005 - DATE AND TIME OF LATEST TRANSACTION |
| control field |
20131113101931.0 |
| 008 - FIXED-LENGTH DATA ELEMENTS--GENERAL INFORMATION |
| fixed length control field |
980710s1998 enk 000 0 eng d |
| 020 ## - INTERNATIONAL STANDARD BOOK NUMBER |
| International Standard Book Number |
1856495833 |
| 020 ## - INTERNATIONAL STANDARD BOOK NUMBER |
| International Standard Book Number |
1856495841 |
| 041 0# - LANGUAGE CODE |
| Language code of text/sound track or separate title |
eng |
| 080 ## - UNIVERSAL DECIMAL CLASSIFICATION NUMBER |
| Universal Decimal Classification number |
339.9 |
| 100 1# - Rafti |
| Rafti |
Das, Bhagirath Lal. |
| 245 14 - TITLE STATEMENT |
| Title |
The WTO agreements : |
| Statement of responsibility, etc |
Bhagirath Lal Das. |
| 260 ## - |
| -- |
London : |
| -- |
Zed Books ; |
| -- |
Penang, Malaysia : |
| -- |
Third World Network ; |
| -- |
New York, NY, USA : |
| -- |
Distributed in the USA exclusively by St. Martin's Press, |
| -- |
c1998. |
| 300 ## - |
| -- |
xii, 122 p. ; |
| -- |
24 cm. |
| 500 ## - |
| -- |
Preface : f. IX-XII |
| 610 20 - |
| -- |
Organizata Botërore e tregtisë |
| 611 20 - |
| -- |
Uruguay Round |
| -- |
(1987-1994) |
| 650 #0 - |
| -- |
Tregu ndërkombëtar |
| 650 #0 - |
| -- |
Tregu i lirë |
| -- |
Vendet në zhvillim |
| 942 ## - ADDED ENTRY ELEMENTS (KOHA) |
| Source of classification or shelving scheme |
|
| Item type |
Books |